Normal view MARC view

Entry Personal Name

Number of records used in: 1

001 - CONTROL NUMBER

  • control field: 556889

003 - CONTROL NUMBER IDENTIFIER

  • control field: OSt

005 - DATE AND TIME OF LATEST TRANSACTION

  • control field: 20220930095013.0

008 - FIXED-LENGTH DATA ELEMENTS

  • fixed length control field: 220930|| aca||aabn | a|a d

040 ## - CATALOGING SOURCE

  • Original cataloging agency: OSt
  • Transcribing agency: OSt

100 ## - HEADING--PERSONAL NAME

  • Personal name: दिल्ली विशविद्यालय. कला संकाय. हिन्दी विभाग

670 ## - SOURCE DATA FOUND

  • Source citation: Work cat.: (OSt)888142: सुनीत कुमार, ले., बीसवीं सदी के हिन्दी पत्र - साहित्य के विकास का आलोचनात्मक अध्ययन, सुनीत कुमार, 2019
Copyright @ Delhi University Library System